000 00886nam a22002897a 4500
003 CHAP
005 20220329141233.0
008 971010s1974 r 00010 d
010 _a64910
011 _a65882
035 _a73410
040 _cCHAP
082 _a581.11
_bS52
100 0 0 _aSlavik, Bohdan.
_9106864
245 _aMethods of studying plant water relations
260 _aNew York :
_bSpringer-Verlag,
_c1974
300 _a440 p.
_b: ilus. ; gráfs.
590 _aBATCH-UPD
_b10
_c20130110
_lUCH01
_h0628
590 _aBATCH-UPD
_b10
_c20130410
_lUCH01
_h0311
590 _aBATCH-UPD
_b10
_c20130914
_lUCH01
_h1412
590 _aCONVERSION
_b10
_c20130109
_lUCH01
_h1335
650 1 4 _aFisiología vegetal.
_941136
650 1 4 _aPlantas
_xContenido de agua.
_988802
901 _aBK
942 _cLIBRO
949 _a581.11 S52
_bBC
_cLIBRO
_d33724000425088
_eLIBRO
_h8715
_i73410
_si
999 _c64910
_d64910